000 01508nam a22002175i 4500
001 163590
003 ES-MaACL
005 20230906212755.0
008 951113m18871890sp |||| | spa d
040 _aCLM
_bspa
_cCCPB | SIC
100 1 _aRivas Moreno, Francisco.
_997583
245 1 3 _aLa plaga de la langosta /
_cpor F. Rivas Moreno.
260 _aMadrid :
_b[s.n.],
_c1887-1890.
300 _a3 v. ;
_c17 cm.
500 _a5 t. en 3 v.
505 8 _aT. 1. La plaga de la langosta en México, Argelia y otros países : sus estragos y medios de combatirlo. - 1888. - 172, XXXVII p. ; 24 cm T. 2. La plaga de la langosta : sus estragos, medios de combatirlo y juicio critico de la legislación vigente / con un prologo del señor Miguel López Martínez. - Madrid : Tip. de Manuel Gines Hernández, 1887. - XVI, 349 p. T. 3. La plaga de la langosta : sus estragos y medios de combatirla. - Madrid : Imp. de El Resumen, 1888. - 195 p. t. 4. La plaga de la langosta en Chipre, los Estados Unidos, Italia y las Repúblicas del Sur de América : sus estragos y medios de combatirla. - Madrid : Imp. de El Resumen, 1889. - 267 p. t. 5. La plaga de la langosta : sus estragos y medios de combatirla. - Madrid : Imp. a cargo de José Quesada, 1890. - 312 p.
650 4 _aPlagas del campo.
_9136703
650 4 _aLangostas (Insecto)-
_xControl.
_9155797
852 _aES-MaACL
_jG-10144-46
_z-- Enc. hol.
_q-- Falto del t.I-II
852 _aES-MaACL
_jT-740-F-4
_z-- Enc. hol.
_q-- Sólo t.I (172, XXXVII p.)
999 _c163590
_d163590